Statistiques concernant Groupes de choses - les États-Unis

Cliquez ici pour prendre le quiz!

Statistiques générales

  • Ce quiz a été pris 1 454 fois
    (1 167 depuis la dernière actualisation)
  • Le résultat moyen est 20 sur 41

Statistiques - réponses

GroupeRéponse% Correct
Pays frontaliersCanada
97%
Pays frontaliersMexique
97%
5 plus grandes villesNew York City
96%
Présidents sur le Mont RushmoreGeorge Washington
95%
Etats bordés par
l'Océan Pacifique
Washington
95%
5 plus grandes villesLos Angeles
89%
Etats bordés par
l'Océan Pacifique
Californie
87%
Principaux fleuvesMississippi
82%
5 plus grandes villesChicago
75%
Présidents sur le Mont RushmoreAbraham Lincoln
71%
Capitales d'État commençant par BBoston
70%
Etats bordés par
l'Océan Pacifique
Alaska
68%
Etats bordés par
l'Océan Pacifique
Hawaï
66%
Etats bordés par
l'Océan Pacifique
Oregon
61%
Grands LacsMichigan
56%
Etats de la
Nouvelle-Angleterre
Maine
51%
Etats de la
Nouvelle-Angleterre
Vermont
48%
Etats de la
Nouvelle-Angleterre
Massachusetts
47%
Etats de la
Nouvelle-Angleterre
Rhode-Island
47%
Présidents sur le Mont RushmoreThéodore Roosevelt
47%
5 plus grandes villesHouston
45%
Grands LacsSupérieur
45%
Principaux fleuvesColorado
44%
Principaux fleuvesMissouri
44%
Etats de la
Nouvelle-Angleterre
New-Hampshire
43%
Etats de la
Nouvelle-Angleterre
Connecticut
41%
Présidents sur le Mont RushmoreThomas Jefferson
35%
Grands LacsÉrié
32%
Grands LacsOntario
31%
Territoires des Etats-UnisPorto Rico
31%
Principaux fleuvesRio Grande
23%
Grands LacsHuron
21%
5 plus grandes villesPhoenix
20%
Capitales d'État commençant par BBâton-Rouge
19%
Territoires des Etats-UnisGuam
17%
Territoires des Etats-UnisÎles Vierges des États-Unis
17%
Principaux fleuvesArkansas
14%
Territoires des Etats-UnisSamoa américaines
12%
Capitales d'État commençant par BBismark
11%
Capitales d'État commençant par BBoise
11%
Territoires des Etats-UnisÎles Mariannes du Nord
8%

Distribution des résultats

Percentile par nombre de réponses

% des personnes avec chaque résultat

Votre développement - résultats

Vous n’avez pas pris ce quiz depuis la dernière actualisation